| 000 | 01066nam a22002537a 4500 | ||
|---|---|---|---|
| 999 |
_c10532 _d10532 |
||
| 003 | AR-CdUCM | ||
| 008 | 190401b ||||| |||| 00| 0 spa d | ||
| 040 |
_aMUNICIPALIDAD PROVINCIAL DEL CUSCO _cBIBLIOTECA MUNICIPAL DEL CUSCO |
||
| 082 |
_a338.10 / _bAN57 / 1967 |
||
| 110 |
_aUniversidad Técnica del Altiplano Puno. _927458 |
||
| 245 | _aAnales del Instituto de Estudios Socio-Económicos / | ||
| 260 |
_aPuno : _bInstituto de Estudios Socio-Económicos, _c1967. |
||
| 300 |
_a383 páginas ; _bláminas, _c24 cm. |
||
| 440 |
_aAnales del Instituto de Estudios Socio-Económicos. _n1 _927459 |
||
| 505 | _aContenido: Departamento de Antropología -- Departamento de Arqueología -- Departamento de Sociología y Derecho Agrario -- Departamento de Geografía y Geografía Económica. | ||
| 650 |
_aPuno _93897 |
||
| 650 |
_aAntropología _9878 |
||
| 650 |
_aArqueología _9371 |
||
| 650 |
_aSociología _9276 |
||
| 650 |
_aPerú-Ensayos, conferencias _927460 |
||
| 700 |
_aArce Díaz, Eduardo Pineda (Director) _927461 |
||
| 942 |
_2ddc _cLIBROS |
||
| 945 | _aachl | ||